000
00206 a2200097 4500
001
4635
100
_a
Ingrsall,L.R
245
_a
Laboratory manual of exp
260
_a
_b
Mcgrawhill
_c
090
_c
3829
_d
3829
942
_a
NUST-CAE
_c
M
_c
30077
999
_c
239708
_d
239708